| 000 | 01199cam a22003494a 4500 | ||
|---|---|---|---|
| 001 | 12554367 | ||
| 003 | OSt | ||
| 005 | 20260213140338.0 | ||
| 008 | 011003s2001 ilu b 000 0 eng | ||
| 010 | _a 2001051567 | ||
| 020 |
_a0830824049 _qalk. paper |
||
| 020 |
_a9780830824045 _q(alk. paper) |
||
| 035 | _a12554367 | ||
| 040 |
_aDLC _cDLC _dDLC |
||
| 042 | _apcc | ||
| 050 | 0 | 0 |
_aBS680.S25 _bR95 2001 |
| 082 | 0 | 0 |
_a234 _221 |
| 100 | 1 |
_aRyken, Philip Graham, _d1966- |
|
| 245 | 1 | 4 |
_aThe message of salvation : _bby God's grace, for God's glory / _cPhilip Graham Ryken. |
| 260 |
_aDowners Grove, Ill. : _bInterVarsity Press, _cc2001. |
||
| 300 |
_a314 p. ; _c21 cm. |
||
| 336 |
_atext _btxt _2rdacontent |
||
| 337 |
_aunmediated _bn _2rdamedia |
||
| 338 |
_avolume _bnc _2rdacarrier |
||
| 440 | 4 | _aThe Bible speaks today | |
| 504 | _aIncludes bibliographical references (p. 10-15). | ||
| 650 | 0 |
_aSalvation _xBiblical teaching. |
|
| 906 |
_a7 _bcbc _corignew _d1 _eocip _f20 _gy-gencatlg |
||
| 942 |
_2lcc _cBK |
||
| 999 |
_c21220 _d21219 |
||